| 000 | 00410nam a2200169Ia 4500 | ||
|---|---|---|---|
| 008 | 170705s9999 xx 000 0 und d | ||
| 020 | _a9780590757717 | ||
| 245 | _aCurious George gets a medal / | ||
| 245 | _cby H. A. Rey. | ||
| 260 | _aBoston : | ||
| 260 | _bHoughton Mifflin Company, | ||
| 260 | _c1997 | ||
| 300 | _a47 pages : | ||
| 300 | _bcolor illustration ; | ||
| 300 | _c21cm. | ||
| 500 | _a570 | ||
| 999 |
_c337264 _d337264 |
||